00353nam a2200133Ia 4500003000400000008004100004040001600045082001300061100001900074245007400093260003100167300001000198650001100208GCL140319s9999 xx 000 0 eng d aGCL / cGCL04a744bB H1 aBOUCHE, DENISE10aHISTOIRE DE LA COLONISATION FRANCEISE, TOME SECOND / cBOUCHE, DENISE a[S.N] : bFAYARD ، c1991 a607 P04aFRENCH